| 000 | 01544cam a2200313 4500 | ||
|---|---|---|---|
| 001 | ABS67895 | ||
| 008 | 040617n2004 000 0 eng u | ||
| 035 | _a(Sirsi) u126502 | ||
| 100 | _aDobie, A. | ||
| 245 | 4 | _aThe quay to successful construction | |
| 260 | _c2004 | ||
| 490 |
_aRICS Business _vJune 2004, 24-26(3) |
||
| 520 | _aCharts in the first of three articles on the construction lifecycle, the hurdles a major construction project has to overcome before on-site work even commences, using the Discovery Dock scheme in London as a case study. Traces the tortuous route from the IRA bombing of South Quay in February 1996 through the planning of a variety of commercial and mixed-use schemes to the start of construction of the first residential block, due for completion in mid-2005. With further residential and office phases to be completed in 2006, a hotel yet to receive planning permission and three further redevelopments post-2007,years of pre-contract work remain to be done. | ||
| 590 | _aABS | ||
| 590 | _aABS | ||
| 590 | _aABS | ||
| 650 | _aMIXED-USE SCHEMES | ||
| 650 | _aCOMMERCIAL DEVELOPMENT | ||
| 650 | _aREDEVELOPMENT | ||
| 650 | _aMASTERPLANS | ||
| 650 | _aPLANNING PERMISSION | ||
| 650 | _aPRE-CONTRACT PRACTICE | ||
| 650 | _aCONSTRUCTION LIFE CYCLE | ||
| 650 | _aDISCOVERY DOCK | ||
| 650 | _aLONDON | ||
| 690 | _aBUILDING AND CONSTRUCTION-PROJECTS | ||
| 856 |
_uhttps://www.rics.org/RICSWEB/getpage.aspx?p=YzW2sVldr06TI2ex-GEmVA _zView the article on the RICS website... |
||
| 942 | _n0 | ||
| 999 |
_c117537 _d117537 |
||